[Event "Fajr op 14th"]
[Site "Tehran"]
[Date "2006.01.25"]
[Round "3"]
[White "Gleizerov, Evgeny"]
[Black "Fayyazi, AR."]
[Result "1-0"]
[WhiteElo "2562"]
[BlackElo "2211"]
[PlyCount "111"]
[EventDate "2006.01.24"]
[EventType "swiss"]
[EventRounds "9"]
[EventCountry "IRI"]
[SourceTitle "CBM 110 Extra"]
[Source "ChessBase"]
[SourceDate "2006.03.10"]
[SourceVersion "2"]
[SourceVersionDate "2006.03.10"]
[SourceQuality "1"]

1. d4 Nf6 2. c4 c5 3. d5 b5 4. cxb5 a6 5. b6 d6 6. Nc3 Nbd7 7. e4 g6 8. a4 a5 9. Bb5 Bg7 10. Nf3 0-0 11. 0-0 Nxb6 12. h3 Bb7 13. Bf4 Ne8 14. Qd2 Nc7 15. Be2 Ba6 16. Rac1 Bxe2 17. Qxe2 Qd7 18. b3 Rfb8 19. Rfd1 Nc8 20. Qc2 Rb4 21. Nd2 Bxc3 22. Qxc3 Nxd5 23. exd5 Rxf4 24. Nc4 Qc7 25. Qe3 Rf6 26. Nd2 e5 27. g3 Rb8 28. Rc4 Rb4 29. Rxb4 axb4 30. Ne4 Rf5 31. Qd3 Kg7 32. Ra1 h5 33. h4 Qb7 34. a5 Qa8 35. a6 Qb8 36. Nd2 Na7 37. Nc4 Qc7 38. Qe2 e4 39. Qxe4 Qd8 40. f4 Qf6 41. Rc1 Qd8 42. Re1 Kf8 43. Qd3 Kg8 44. Ra1 Qf6 45. Ra2 Qd8 46. Na5 Qb6 47. Kh2 Nb5 48. Nc6 Kg7 49. a7 Nc7 50. a8Q Nxa8 51. Rxa8 c4 52. bxc4 Qf2+ 53. Kh3 Rf6 54. Ra1 b3 55. Qxb3 g5 56. hxg5 1-0